00862naa a22002417a 4500001001000000003000900010005001700019007000300036008003400039040005400073041001300127072001900140100001800159111006600177245007400243260003600317500010500353650002100458650001400479650001300493650001200506773010200518BR9503309BR-BrBNA20240918181347.0ta230509b bl.||||| |||| 00| 0 por d aBR-BrBNAbporcBiblioteca Nacional de Agricultura a(En, Pt) aF70; F50b27901 aCampelo, C.R.1 a35. Congresso Nacional de BotanicacManaus, AM (Brazil)d19841 aContribuicao ao estudo das plantas medicinais no Estado de Alagoas IV3 aBrasilia, DF (Brasil): c1994.  aAnais do 35. Congresso Nacional de Botanica Brasilia, DF (Brasil): 1994. p. 52-59 (BR9503309-AM)F70  aPlanta Medicinal aVariedade aBotanica aAlagoas0 tAnais do 35. Congresso Nacional de BotanicawF70 BR9503309gBrasilia, DF (Brasil), 1994. p. 52-59